000 00332nam a2200133Ia 4500
008 221030s9999 xx 000 0 und d
041 _aEnglish
100 _aK. K. Sharma
245 0 _aEngineering Physics Vol. II
_cby K. K. Sharma
260 _bKiriti Publishers
_aJammu
_c0
300 _a207
650 _aBB Physics
942 _cBK
999 _c18808
_d18808